000 00465nam a2200205Ia 4500
001 14286
003 GE_BSU
008 181216s||||||||xx |||||||||||||| ||und||
040 _cGE_BSU
080 _a94(410)
100 _aWoodruff,Douglass
245 _aAlfred the Great
245 _cIntroduction by Antonia Fraser
260 _aLondon
260 _bBook club Associates
260 _c1974
300 _a224p.ill.
653 _aAlfred the Great
942 _cBK
999 _c47424
_d47424